Co se skrývá za pojmem generace III+?

Stručný prehľad generácií jadrových reaktorov. Čím sa líšia generácie III a III+. Nový jadrový zdroj v Čechách. Požiadavka bezpečnosti.

Saved in:
Bibliographic Details
Main Author: Větrovec, Vladislav
Format: Book Chapter
Language:Czech
Subjects:
Tags: Add Tag
No Tags, Be the first to tag this record!

MARC

LEADER 00000naa a2200000 4500
001 0242004
005 20180413105419.4
041 0 |a cze 
044 |a CZ 
245 1 0 |a Co se skrývá za pojmem generace III+?  |c Vladislav Větrovec 
520 |a Stručný prehľad generácií jadrových reaktorov. Čím sa líšia generácie III a III+. Nový jadrový zdroj v Čechách. Požiadavka bezpečnosti. 
610 2 0 |a energetika 
610 2 0 |a energia atómová 
610 2 0 |a elektrárne atómové 
610 2 0 |a bezpečnosť 
610 2 0 |a Česko 
100 1 |a Větrovec, Vladislav